愛知県の市町村 人口順 - Statistics

General Stats
  • This quiz has been taken 101 times
  • The average score is 40 of 54
Answer Stats
Answer 人口 % Correct
1 名古屋市 2,331,264
100%
4 一宮市 372,927
100%
2 豊田市 414,531
98%
3 岡崎市 381,268
98%
5 豊橋市 362,810
96%
6 春日井市 303,833
96%
19 北名古屋市 86,009
96%
8 豊川市 183,812
92%
7 安城市 185,718
86%
14 半田市 114,686
86%
20 あま市 85,571
86%
22 知多市 82,137
86%
10 刈谷市 154,067
84%
11 小牧市 145,501
84%
15 東海市 112,267
84%
23 蒲郡市 77,435
84%
26 犬山市 71,014
84%
30 長久手市 61,531
82%
13 瀬戸市 125,184
80%
18 大府市 93,178
80%
9 西尾市 167,145
78%
25 碧南市 71,726
78%
27 豊明市 68,302
78%
33 常滑市 58,232
78%
42 新城市 41,455
78%
12 稲沢市 131,490
74%
17 日進市 93,264
74%
21 尾張旭市 83,057
74%
34 田原市 56,654
74%
40 弥富市 42,231
74%
50 南知多町 15,047
74%
24 知立市 72,474
72%
29 みよし市 62,100
72%
16 江南市 96,147
70%
32 愛西市 58,680
70%
36 岩倉市 47,635
70%
54 豊根村 890
70%
28 清須市 66,677
68%
51 飛島村 4,462
68%
31 津島市 58,680
64%
52 設楽町 3,871
62%
35 東浦町 49,478
60%
43 蟹江町 36,628
58%
44 扶桑町 34,305
58%
37 高浜市 45,990
54%
39 武豊町 43,329
54%
46 阿久比町 27,862
54%
47 大口町 24,058
52%
53 東栄町 2,597
52%
38 東郷町 43,875
50%
41 幸田町 42,024
50%
45 大治町 32,968
50%
49 豊山町 15,743
48%
48 美浜町 21,431
44%
No matching quizzes found
Score Distribution
Percent of People with Each Score
Percentile by Number Answered
Your Score History
You have not taken this quiz